Отчетный межотраслевой баланс производства и распределения продукции в народном хозяйстве Эстонской ССР за 1972 год. Ч. 2 (Запись № 7917068)

Подробности
000 -МАРКЕР
контрольное поле 01461nam2a2200241 4500
001 - ИДЕНТИФИКАТОР ЗАПИСИ
контрольное поле rc\3450608
005 - ИДЕНТИФИКАТОР ВЕРСИИ
контрольное поле 20250610113510.0
035 ## - ДРУГИЕ СИСТЕМНЫЕ НОМЕРА
Идентификатор записи (NLR Aleph) 007880889
100 ## - ДАННЫЕ ОБЩЕЙ ОБРАБОТКИ
Данные общей обработки 20130115d1975 |||y0rusy50 ca
101 0# - ЯЗЫК РЕСУРСА
Язык текста, звукозаписи и т.д. русский
102 ## - СТРАНА ПУБЛИКАЦИИ ИЛИ ПРОИЗВОДСТВА
Страна публикации Российская Федерация
105 ## - ПОЛЕ КОДИРОВАННЫХ ДАННЫХ: ТЕКСТОВЫЕ МАТЕРИАЛЫ, МОНОГРАФИЧЕСКИЕ
Кодированные данные о монографическом текстовом документе a i 000zy
200 0# - ЗАГЛАВИЕ И СВЕДЕНИЯ ОБ ОТВЕТСТВЕННОСТИ
Основное заглавие Ч. 2
210 ## - ПУБЛИКАЦИЯ, РАСПРОСТРАНЕНИЕ И ДР.
Дата издания, распространения и т.д. 1975
Место издания, распространения и т.д. Б. м.
215 ## - ФИЗИЧЕСКАЯ ХАРАКТЕРИСТИКА
Специфическое обозначение материала и объем 161 с.
Другие сведения о физической характеристике табл.
Размеры 28
316 ## - ПРИМЕЧАНИЯ ОБ ОСОБЕННОСТЯХ ЭКЗЕМПЛЯРА
Текст примечания Экз. РНБ нумер.: № 144
Организация и экземпляр, к которому относится поле NLR
461 #0 - УРОВЕНЬ НАБОРА
Встроенное поле 001rc\3450606
-- 2001#$aОтчетный межотраслевой баланс производства и распределения продукции в народном хозяйстве Эстонской ССР за 1972 год$e[статистический сборник]$fЦентральное статистическое управление при Совете Министров Эстонской ССР$vЧ. 2
Системный номер (АБИС) связанной записи 7917059
Место публикации Таллин
Дата публикации 1974
Первые сведения об ответственности Центральное статистическое управление при Совете Министров Эстонской ССР
Имя издателя, распространителя и т.д. [б. и.]
Сведения, относящиеся к заглавию [статистический сборник]
Заглавие Отчетный межотраслевой баланс производства и распределения продукции в народном хозяйстве Эстонской ССР за 1972 год
Номер тома Ч. 2
801 #0 - ИСТОЧНИК ЗАПИСИ
Страна Российская Федерация
Организация NLR
Правила каталогизации psbo
801 #1 - ИСТОЧНИК ЗАПИСИ
Страна Российская Федерация
Организация ELAR
Источник данных rusmarc
942 ## - ДОПОЛНИТЕЛЬНЫЕ ЭЛЕМЕНТЫ ЗАПИСИ (АБИС)
Тип экземпляра АБИС Книга
980 ## - КОЛЛЕКЦИЯ
Название коллекции Национальная библиография
Экземпляры
Тип экземпляра Дата поступления Библиотека постоянного хранения Библиотека текущего хранения Место хранения Шифр хранения Штрих-код Статус экземпляра
Книга 26.10.2013 РНБ (Московский) РНБ (Московский) Русский книжный фонд: издания с 1957 года 2023-10/20 1-4207750